Football - Joueurs de Ligue 1 Par Images - Statistiques

Statistiques générales
  • Ce quiz a été pris 642 fois
  • Le résultat moyen est 26 sur 40
Statistiques - réponses
Par images Réponse % Correct
Florian Thauvin
99%
Dante
93%
Lucas Moura
93%
Bafétimbi Gomis
91%
Stéphane Ruffier
91%
Hiroki Sakai
87%
Mario Balotelli
87%
Emiliano Sala
86%
Kévin Gameiro
86%
Mathieu Valbuena
85%
Nicolas Pallois
84%
Rémy Cabella
83%
Téji Savanier
82%
Mamadou Sakho
80%
Yohan Gourcuff
75%
Benjamin André
73%
Léo Dubois
72%
Romain Hamouma
72%
Vitorino Hilton
70%
Jimmy Briand
66%
Rio Mavuba
66%
Paul Bernardoni
63%
Maxime Gonalons
62%
Rolando
61%
Florent Mollet
58%
Florent Balmont
57%
Jérémy Toulalan
50%
Mathieu Bodmer
50%
Vincent Aboubakar
50%
Geoffrey Jourdren
48%
Yannick Cahuzac
47%
Mapou Yanga-Mbiwa
44%
Dimitri Liénard
43%
Kévin Monnet-Paquet
43%
Rod Fanni
42%
Falaye Sacko
39%
Cheick Diabaté
37%
Benoit Assou-Ekotto
29%
Renaud Ripart
28%
Julio Tavares
25%
Aucun quiz correspondant
Distribution des résultats
% des personnes avec chaque résultat
Percentile par nombre de réponses
Votre historique - résultats
Vous n’avez pas pris ce quiz